000 00672nam a2200265Ia 4500
005 20260121161408.0
008 008 260114s9999 xx 000 0 eng d
020 _a9781003579861
037 _aEBOOK
040 _aCRL
040 _beng
040 _cCRL
041 _2eng
041 _aeng
084 _qCRL
100 _aThe Origins And Spread Of Agriculture And Pastoralism In Eurasia
_91044099
245 0 _aDavid R. Harris
260 _bTaylor and Francis
260 _c1996
650 _aHuman Geography
_91044100
856 _uhttp://www.taylorfrancis.com/books/9781003579861
942 _cEBOOK
999 _c1610456
_d1610456